| 000 | 00967cab a2200205 4500 | ||
|---|---|---|---|
| 001 | X129004 | ||
| 008 | 050309n2005 000 0 eng u | ||
| 035 | _a(Sirsi) u129004 | ||
| 245 | _aInternational corporate real estate supplement | ||
| 260 | _c2005 | ||
| 490 |
_aProperty Week _v70(8) 25 February 2005 (30) (LOAN) |
||
| 520 | _aA look at international corporate real estate covering the lack of take up for the government scheme to make procurement easier, Regus' new swipe card scheme to attract more business to the serviced office sector, Motorola's new headquarters and its use of telecoms technology, CoreNet's research into the new ways of working which will affect real estate and a brief look at careers in advisory roles. | ||
| 590 | _aABS | ||
| 650 | _aCORPORATE REAL ESTATE | ||
| 650 | _aProcurement-old | ||
| 650 | _aTELECOMS | ||
| 650 | _aSERVICES OFFICES | ||
| 690 | _aPROPERTY-COMMERCIAL PROPERTY-COMMERCIAL PROPERTY MARKET | ||
| 942 | _n0 | ||
| 999 |
_c74895 _d74895 |
||